000 00295 a2200133 4500
000 nam a22 7a 4500
100 _aSrivastva
110 _aSrivastva
245 _aMicrobiology and Plant Pathology
250 _alatest edition
260 _bup
_c2021
264 _bup
_c2021
942 _cBK
999 _c395819
_d395819